History Quiz

Random History or Politics Quiz

Bill of Rights (Part 1) Quiz Stats

 Plays Quiz Updated Dec 19, 2016

Also try: Click Your Rights!
Challenge
Share
Tweet
Embed
Score 0/158 Timer 08:00
0 Plays Today
% Correct
A
96%
a
96%
a
96%
a
96%
the
91.9%
the
91.9%
the
91.9%
the
91.9%
the
91.9%
the
91.9%
the
91.9%
the
91.9%
the
91.9%
the
91.9%
the
91.9%
The
91.9%
the
91.9%
the
91.9%
the
91.9%
right
89.8%
right
89.8%
right
89.8%
to
88%
to
88%
to
88%
to
88%
to
88%
to
88%
to
88%
to
88%
free
87.9%
free
87.8%
Arms,
87.4%
of
87.3%
of
87.3%
of
87.3%
of
87.3%
of
87.3%
of
87.3%
of
87.3%
of
87.3%
of
87.3%
of
87.3%
of
87.3%
bear
84.4%
be
83.6%
be
83.6%
be
83.6%
be
83.6%
be
83.6%
be
83.6%
be
83.6%
speech,
82.2%
% Correct
freedom
77.2%
people
76.2%
people
76.2%
people
76.2%
an
74.2%
religion,
70.1%
and
69.7%
and
69.7%
and
69.7%
and
69.7%
and
69.7%
and
69.7%
and
69.7%
in
69.5%
in
69.5%
in
69.5%
in
69.5%
in
69.5%
press;
68.7%
no
68.2%
No
68.2%
no
68.2%
shall
63.7%
shall
63.7%
shall,
63.7%
shall
63.7%
shall
63.7%
not
56.4%
not
56.4%
for
54.6%
law
52.8%
law.
52.8%
or
51.5%
or
51.5%
or
51.5%
or
51.5%
or
51.5%
or
51.5%
State,
50.2%
assemble,
49.5%
Militia,
49.3%
Government
46.6%
peace
46.1%
Congress
45.7%
make
43.3%
time
41.7%
time
41.7%
Soldier
41.3%
house,
40.6%
war,
40.3%
keep
39.4%
well
39.3%
petition
34.6%
% Correct
their
33.7%
establishment
33.3%
being
32.6%
infringed.
32.4%
quartered
31.5%
regulated
30.9%
necessary
30.8%
by
27.9%
by
27.9%
nor
26.9%
thereof;
26.7%
any
26.6%
exercise
26.5%
secure
26.4%
persons,
26.2%
persons
26.2%
peaceably
24.9%
without
24.5%
grievances.
24.1%
but
23.8%
but
23.8%
redress
23.7%
respecting
22.9%
security
22.1%
prohibiting
21.6%
Owner,
20.9%
consent
20.4%
searches
20.2%
abridging
20.1%
seizures,
20%
unreasonable
19.5%
against
17.6%
houses,
17.3%
papers,
16.7%
manner
15.4%
cause,
15.2%
effects,
14.5%
place
14.1%
searched,
14.1%
issue,
13.5%
Warrants
13.5%
seized.
13.2%
probable
12.9%
prescribed
12.9%
upon
12.9%
things
11.7%
violated,
10.5%
Oath
10.2%
affirmation,
9%
describing
8.7%
particularly
7.9%
supported
7.3%

You're not logged in!

Compare scores with friends on all Sporcle quizzes.
Join for Free
OR
Log In

You Might Also Like...

Show Comments

Extras

Top Quizzes Today


Score Distribution

Your Account Isn't Verified!

In order to create a playlist on Sporcle, you need to verify the email address you used during registration. Go to your Sporcle Settings to finish the process.

Report this User

Report this user for behavior that violates our Community Guidelines.

Details: